| 000 | 01082cab a2200193 4500 | ||
|---|---|---|---|
| 001 | ##L134125 | ||
| 008 | 060613n2006 000 0 eng u | ||
| 035 | _a(Sirsi) u134125 | ||
| 041 | 0 | _aeng | |
| 245 | 0 | 0 |
_aEG data _bJLL monthly prime yields |
| 260 | _c2006 | ||
| 490 | 0 |
_aEstates Gazette _v(0627) 8 July 2006, 48(1) |
|
| 520 | _aDetails the latest UK prime yields for the retail, office and industrial sectors. The yields are generated by Jones Lang LaSalle (JLL) and are based on evidence derived from the latest deals by JLL and other agents. June saw record lows as demand pressure continues. The prime all property yield stands at 4.61%. The yield on regionally dominant shopping centres made its first downward movement in 12 months; but prime office yields held firm. Industrial yields are being tested and falls are likely before the end of the year. Tables and graphs. | ||
| 590 | _aIKA180706 | ||
| 650 | 2 | 4 | _aJLL MONTHLY PRIME YIELDS |
| 651 | 4 |
_aUnited Kingdom _y |
|
| 690 | _aPROPERTY-COMMERCIAL PROPERTY-COMMERCIAL PROPERTY FINANCE AND INVESTMENT | ||
| 942 | _n0 | ||
| 999 |
_c77383 _d77383 |
||